Score 0/20 Timer 04:00
1 Play Today
Book Answer % Correct
_ h _ G _ _ _ _ G _ _ s b yThe Great Gatsby
94.6%
C h _ _ _ o _ _ _' s W _ bCharlotte's Web
94.3%
W _ _ _ _ s h _ p D o w nWatership Down
93.1%
G _ _ _ _ _ x p _ c _ _ _ _o n sGreat Expectations
89.4%
_ h _ H o _ n d o f _ h _ B _ s k _ _ v _ _ _ _ sThe Hound of the Baskervilles
87.8%
W u _ h _ _ _ n g H _ _ g _ _ sWuthering Heights
86.7%
W h _ r _ _ h _ W _ _ d _ h _ n g s _ _ _Where the Wild Things Are
85.9%
_ n n _ o f G _ _ _ n G _ b _ _ sAnne of Green Gables
85.5%
_ h _ H _ n g _ _ G _ m _ sThe Hunger Games
84.6%
C _ _ m _ _ n d P _ n _ s h m _ n _Crime and Punishment
83%
Book Answer % Correct
_ _ _ _ _ _ W o m _ nLittle Women
82.4%
_ h _ G _ _ p _ s o f W _ _ _ hThe Grapes of Wrath
79.1%
_ _ _ _ s _ _ _ _ s l _ n dTreasure Island
75.3%
M _ m o _ _ s o f _ G _ _ s h _Memoirs of a Geisha
74.8%
H _ _ _ _ o f D _ _ k n _ s sHeart of Darkness
73.4%
_ o _ d o f _ h _ F _ _ _ sLord of the Flies
71%
G _ _ _ _ v _ _' s _ _ _ v _ _ sGulliver's Travels
61.6%
_ h _ C _ _ c h _ _ _ n _ h _ _ y _The Catcher in the Rye
58.2%
_ h _ S c _ _ _ _ _  _ _ _ _ _ _The Scarlet Letter
53%
_ h _ _ _ _ g _ n c _ o f _ h _ H _ d g _ h o gThe Elegance of the Hedgehog
25.1%
Remove Ads.
Support Sporcle.
Get the best of Sporcle when you Go Orange. This ad-free experience offers more features, more stats, and more fun while also helping to support Sporcle. Thank you for becoming a member.

You're not logged in!

Compare scores with friends on all Sporcle quizzes.
OR
Log In

Show Comments

Extras

Top Quizzes Today


Score Distribution

Your Account Isn't Verified!

In order to create a playlist on Sporcle, you need to verify the email address you used during registration. Go to your Sporcle Settings to finish the process.

Report this User

Report this user for behavior that violates our Community Guidelines.

Details: